Prevod vlastníckeho práva k nehnuteľnostiam - právna úprava
Nadobudnutie vlastníctva podľa ustanovení Občianskeho zákonníka. Spôsob nadobudnutia vlastníctva kúpou nehnuteľnosti. Vypracovanie zmluvy, zmluvné strany. Vznik daňovej povinnosti. Podanie daňového priznania. Sprísnenie podmienok pre oslobodenie dae z príjmov po nadobudnutí účinnosti zákona o daniac...
Enregistré dans:
| Auteur principal: | |
|---|---|
| Format: | Chapitre de livre |
| Langue: | slovaque |
| Sujets: | |
| Tags: |
Pas de tags, Soyez le premier à ajouter un tag!
|
MARC
| LEADER | 00000naa a2200000 4500 | ||
|---|---|---|---|
| 001 | r040269 | ||
| 005 | 20230919091623.0 | ||
| 041 | 0 | |a slo | |
| 044 | |a SK | ||
| 245 | 1 | 0 | |a Prevod vlastníckeho práva k nehnuteľnostiam - právna úprava |c Mária Štalmašková |
| 520 | |a Nadobudnutie vlastníctva podľa ustanovení Občianskeho zákonníka. Spôsob nadobudnutia vlastníctva kúpou nehnuteľnosti. Vypracovanie zmluvy, zmluvné strany. Vznik daňovej povinnosti. Podanie daňového priznania. Sprísnenie podmienok pre oslobodenie dae z príjmov po nadobudnutí účinnosti zákona o daniach z príjmov t.j. od 1.1.2000. | ||
| 610 | 2 | 0 | |a právo vlastnícke |
| 610 | 2 | 0 | |a úpravy právne |
| 610 | 2 | 0 | |a zákonník občiansky |
| 610 | 2 | 0 | |a nehnuteľnosti |
| 610 | 2 | 0 | |a kúpa |
| 610 | 2 | 0 | |a zmluvy kúpne |
| 610 | 2 | 0 | |a povinnosť daňová |
| 610 | 2 | 0 | |a daňovníci |
| 610 | 2 | 0 | |a priznania daňové |
| 610 | 2 | 0 | |a oslobodenie od daní |
| 100 | 1 | |a Štalmašková, Mária | |